Six-gun and silver star.

Bibliographic Details
Main Author: Shirley, Glenn
Format: Book
Language:English
Published: Albuquerque : University of New Mexico Press, 1955.
Subjects:

MARC

Tag First Indicator Second Indicator Subfields
LEADER 00000cam a2200000 4500
001 in00000057225
005 20170112151751.0
008 750508s1955 nmu 00000 eng u
010 |a  55010029  
035 |a (OCoLC)01318059 
035 |9 AAG8092AM 
040 |c WTU  |d TXA  |d UtOrBLW 
049 |a TXAM  |c [261299] 
050 0 0 |a F698  |b .S5 
082 0 |a 976.6 
092 |a 364  |b S558s 
100 1 |a Shirley, Glenn. 
245 1 0 |a Six-gun and silver star. 
264 1 |a Albuquerque :  |b University of New Mexico Press,  |c 1955. 
300 |a 235 pages :  |b illustrations ;  |c 24 cm. 
336 |a text  |b txt  |2 rdacontent 
337 |a unmediated  |b n  |2 rdamedia 
338 |a volume  |b nc  |2 rdacarrier 
580 |a The Cushing Library/Lowman/Book Design copy forms part of the Book Design Section of the Al Lowman Printing Arts Collection and Research Archive. 
650 0 |a Crime  |z Oklahoma. 
650 0 |a Outlaws. 
650 0 |a Peace officers  |z Oklahoma. 
650 0 |a Criminals  |z Oklahoma. 
773 0 |t Al Lowman Printing Arts Collection and Research Archive. 
999 |a MARS 
999 f f |s 1f4df745-e51f-332d-910b-e1ee80c9732c  |i bfefb416-281b-32f6-a990-c95daf5cb495  |t 0 
952 f f |p noncirc  |a Texas A&M University  |b College Station  |c Cushing Memorial Library & Archives  |d Cushing: Lowman (Does not check out)  |t 0  |e F698 .S5 1955  |h Library of Congress classification  |i unmediated -- volume 
952 f f |p ric  |a Texas A&M University  |b Rellis Campus  |c Joint Library Facility  |d Remote Storage  |t 0  |e F698 .S5  |h Library of Congress classification  |i unmediated -- volume  |m A14800811987 
998 f f |a F698 .S5 1955  |t 0  |l Cushing: Lowman (Does not check out) 
998 f f |a F698 .S5  |t 0  |l Remote Storage